[Event "Challenge"]
[Site "http://www.queenalice.com/game.php?id=1529230"]
[Date "2018.5.30"]
[Round "-"]
[White "flaviojesus"]
[Black "Camy"]
[Result "0-1"]
[WhiteElo "1022"]
[BlackElo "1641"]

1. g4 e5 2. Nf3 Nc6 3. Bg2 h6 4. O-O Nf6 5. g5 hxg5 6. Nxg5 Qe7 7. c4 d6 8. b3
Be6 9. Na3 Nh5 10. Bb2 f6 11. Ne4 O-O-O 12. Rc1 f5 13. Nc3 Qg5 14. Ncb5 Nf4 15.
Kh1 Qxg2# 0-1

[Event "Challenge"]
[Site "http://www.queenalice.com/game.php?id=1532806"]
[Date "2018.6.27"]
[Round "-"]
[White "Camy"]
[Black "flaviojesus"]
[Result "1-0"]
[WhiteElo "1644"]
[BlackElo "1020"]

1. Nc3 a5 2. Nf3 b6 3. e4 Bb7 4. Bd3 Nc6 5. O-O g6 6. a3 Bh6 7. e5 d6 8. exd6
cxd6 9. Bb5 Kf8 10. h3 Nf6 11. d3 Ba6 12. Bxc6 Rc8 13. Be4 Rc5 14. Be3 Qc8 15.
Bxc5 dxc5 16. Nd5 e6 17. Nxf6 Bf4 18. g3 Bd6 19. Qd2 Qd8 20. Qh6+ Ke7 21. Qh4 h5
22. Nd5+ Kf8 23. Qxd8+ Kg7 24. Qxd6 Bb7 25. Nxb6 Rf8 26. Nd7 Rg8 27. Ng5 c4 28.
Qe5+ f6 29. Nxf6 Kh6 30. Nxg8# 1-0

[Event "Challenge"]
[Site "http://www.queenalice.com/game.php?id=1540209"]
[Date "2018.8.26"]
[Round "-"]
[White "flaviojesus"]
[Black "Camy"]
[Result "0-1"]
[WhiteElo "1013"]
[BlackElo "1657"]

1. e3 e5 2. Be2 Bc5 3. Nf3 d6 4. O-O Nf6 5. Nc3 Nc6 6. a4 Nb4 7. Bb5+ c6 8. Qe2
cxb5 9. Qxb5+ Bd7 10. Qxb7 O-O 11. Ne1 Qe7 12. b3 Qe6 13. Qf3 d5 14. e4 d4 15.
Nd5 Rac8 16. Nd3 Nxc2 17. Qg3 g6 18. Ra2 Bc6 19. Rxc2 Bxd5 20. exd5 Qxd5 21.
Nxe5 d3 22. Rc4 Nh5 23. Qg5 Qe6 24. Ba3 Bxa3 25. Rxc8 Rxc8 26. Qg4 Rc2 27. Qg5
f6 28. Qe3 fxe5 29. Qxa7 Rxd2 30. Qa8+ Kg7 31. Qa5 Re2 32. Qc7+ Kh6 33. Qc4 Qg4
34. Qxg4 Rd2 35. Qe6 Bb2 36. Qg8 Re2 37. Qf8+ Ng7 38. g4 e4 39. Qf4+ g5 40. Qf6+
Bxf6 41. Kh1 d2 42. Rd1 Rxf2 43. a5 Ne6 44. a6 e3 45. a7 e2 46. a8=Q exd1=Q# 0-1

[Event "Challenge"]
[Site "http://www.queenalice.com/game.php?id=1549645"]
[Date "2018.11.18"]
[Round "-"]
[White "Camy"]
[Black "flaviojesus"]
[Result "1-0"]
[WhiteElo "1644"]
[BlackElo "1009"]

1. e3 b5 2. a3 a6 3. Nc3 c6 4. d4 Qc7 5. Nf3 e6 6. Bd3 Be7 7. O-O Nf6 8. e4 O-O
9. e5 Nd5 10. Qe2 Qb6 11. b4 Nxc3 12. Qd2 Nd5 13. h4 Qxd4 14. Nxd4 Bb7 15. Be4
Nc7 16. Qe3 Bxh4 17. g3 Be7 18. Bb2 Nd5 19. Bxd5 cxd5 20. Nf3 Nc6 21. Qb6 Rab8
22. Qe3 Rbc8 23. Qd3 Ra8 24. Ng5 Bxg5 25. f4 Be7 26. Rf2 Bd8 27. Rh2 Bb6+ 28.
Kf1 Nd4 29. c3 Nf5 30. Rh3 Be3 31. c4 bxc4 32. Qe2 Bc6 33. Qg4 Ba4 34. Qh5 Nh6
35. g4 Bc2 36. Rxe3 Rac8 37. Bd4 Bg6 38. Qh4 Ra8 39. Bc5 Rac8 40. Bxf8 Rxf8 41.
Qe7 Rb8 42. Qxd7 Nxg4 43. Rh3 a5 44. Rb1 Bxb1 45. Qd6 Bd3+ 46. Ke1 axb4 47.
Qxb8# 1-0

[Event "Challenge"]
[Site "http://www.queenalice.com/game.php?id=1561084"]
[Date "2019.2.14"]
[Round "-"]
[White "flaviojesus"]
[Black "Camy"]
[Result "0-1"]
[WhiteElo "1007"]
[BlackElo "1554"]

1. c4 e5 2. b3 Nc6 3. d3 Nf6 4. g3 Bb4+ 5. Nd2 Nd4 6. Bg2 d6 7. Nh3 Bc3 8. Rb1
O-O 9. O-O Bg4 10. Re1 Qd7 11. Kh1 c6 12. Ng5 h6 13. Ngf3 d5 14. Nxe5 Qe6 15.
Nef3 h5 16. Bb2 Bxb2 17. Rxb2 dxc4 18. bxc4 Nxf3 19. Rxb7 Bh3 20. exf3 Qd6 21.
Ne4 Nxe4 22. fxe4 Qe6 23. Qxh5 Bxg2+ 24. Kxg2 g6 25. Qf3 Kg7 26. Qe3 Rh8 27. Qc5
Qh3+ 28. Kf3 Rad8 29. Ke2 Qg4+ 30. Kd2 Qf3 31. Re3 Qxf2+ 32. Kc3 Rxh2 33. Qb4
Qxe3 34. Rxf7+ Kxf7 35. Qb7+ Ke8 36. Qxc6+ Kf8 37. Qf6+ Kg8 38. Qxd8+ Kg7 39.
Qc7+ Kh6 40. Qb7 Rxa2 41. Qb4 Rd2 42. Kb3 Qxd3+ 43. Qc3 Qb1+ 44. Ka4 Qa2+ 45.
Kb5 Rc2 46. Qb4 Rb2 47. Qxb2 Qxb2+ 48. Kc5 Qe5+ 49. Kc6 g5 50. c5 Qxe4+ 51. Kd7
a5 52. c6 Qd5+ 53. Ke7 Qxc6 54. Kf7 a4 55. Kg8 Qg6+ 56. Kh8 Qh7# 0-1

[Event "Challenge"]
[Site "http://www.queenalice.com/game.php?id=1568595"]
[Date "2019.4.23"]
[Round "-"]
[White "Camy"]
[Black "flaviojesus"]
[Result "1-0"]
[WhiteElo "1525"]
[BlackElo "1005"]

1. d4 b5 2. Nf3 Nc6 3. Nc3 a6 4. a3 h5 5. e3 g6 6. Bd3 Rh6 7. O-O Bg7 8. Ng5 e6
9. Qf3 Qxg5 10. Ne4 Qe7 11. Bd2 h4 12. Bb4 d6 13. h3 Bb7 14. c3 Rd8 15. c4 Na7
16. c5 Nf6 17. cxd6 cxd6 18. g4 Nc6 19. g5 Nh5 20. Rac1 Bxd4 21. exd4 Nxd4 22.
Qe3 Nf5 23. Qb6 Nd4 24. Qxd4 Nf4 25. Bxd6 Qd7 26. Nf6# 1-0

[Event "Challenge"]
[Site "http://www.queenalice.com/game.php?id=1573944"]
[Date "2019.6.10"]
[Round "-"]
[White "flaviojesus"]
[Black "Camy"]
[Result "0-1"]
[WhiteElo "1003"]
[BlackElo "1502"]

1. b4 a6 2. Bb2 d5 3. Nc3 Nf6 4. d3 d4 5. Na4 Nc6 6. Qd2 e6 7. O-O-O Bxb4 8. c3
dxc3 9. Bxc3 Ba3+ 10. Kb1 Qe7 11. Nb2 Bd7 12. Nf3 O-O 13. g3 e5 14. Nxe5 Nxe5
15. Bxe5 Qxe5 16. Bg2 Rad8 17. Bxb7 c6 18. Bxa6 Be6 19. Bc4 Rb8 20. Bb3 Bxb3 21.
Rc1 Rfc8 22. d4 Rd8 23. Qf4 Qxe2 24. Rc2 Qxc2+ 25. Ka1 Qxb2# 0-1

[Event "Challenge"]
[Site "http://www.queenalice.com/game.php?id=1581207"]
[Date "2019.8.24"]
[Round "-"]
[White "Camy"]
[Black "flaviojesus"]
[Result "1-0"]
[WhiteElo "1532"]
[BlackElo "1001"]

1. Nc3 Nf6 2. d4 Nc6 3. Nf3 g6 4. e4 Bg7 5. Bd3 O-O 6. O-O b6 7. h3 a5 8. e5 Nh5
9. g4 Nf6 10. exf6 exf6 11. a3 Qe7 12. Re1 Ba6 13. Rxe7 Nxe7 14. Bf4 Rac8 15.
Qe2 Rce8 16. Bxa6 f5 17. g5 d6 18. h4 Ra8 19. Bb7 Rab8 20. Qxe7 Bf6 21. Qxf6
Rfe8 22. Bd5 Re2 23. Nxe2 Re8 24. Qxf7+ Kh8 25. Qxe8+ Kg7 26. Qe7+ Kh8 27. Qf8#
1-0

[Event "Challenge"]
[Site "http://www.queenalice.com/game.php?id=1589146"]
[Date "2019.11.5"]
[Round "-"]
[White "flaviojesus"]
[Black "Camy"]
[Result "0-1"]
[WhiteElo "999"]
[BlackElo "1536"]

1. g4 d5 2. Bg2 h6 3. Nh3 e6 4. Nc3 a6 5. a4 Nf6 6. Ra3 Nc6 7. O-O Qd6 8. e3 e5
9. Qe2 Nxg4 10. Qd3 d4 11. Ne2 Nb4 12. Qb3 Be6 13. Bd5 Bxd5 14. c4 Bf3 15. Nc3
e4 16. Nd5 Qxh2# 0-1

[Event "Challenge"]
[Site "http://www.queenalice.com/game.php?id=1594842"]
[Date "2020.1.1"]
[Round "-"]
[White "flaviojesus"]
[Black "Camy"]
[Result "1-0"]
[WhiteElo "997"]
[BlackElo "1524"]

1. b4 d5 2. Nf3 Nf6 3. Bb2 a6 4. Nc3 Nc6 5. Nh4 g6 6. g3 e5 7. a3 Bf5 8. Bg2 d4
9. Na4 Bd6 10. O-O O-O 11. e3 dxe3 12. dxe3 Ne4 13. Qe2 b5 14. Nc3 Qd7 15. Nd5
Be7 16. Rad1 Bg4 17. f3 Ng5 18. fxg4 Ne4 19. Bxe4 Bg5 20. Nf3 h6 21. Rd3 a5 22.
Bc3 axb4 23. axb4 f5 24. gxf5 gxf5 25. Nb6 Qe8 26. Bxe5 Nxe5 27. Nxe5 Qxe5 28.
Bxf5 Rxf5 29. Nxa8 Qf6 30. Nxc7 Kf7 31. Rd7+ Kg6 32. Ne8 Qe6 33. e4 Re5 34. Rf6+
Bxf6 35. Qf3 Qxd7 36. Nxf6 Qe6 37. Nh5 Rxe4 38. Qb3 Re1+ 39. Kg2 Qe2+ 40. Kh3
Qf1+ 41. Kg4 Re4+ 42. Nf4+ Kf6 43. Qf3 Qxf3+ 44. Kxf3 Rxb4 45. Nh5+ Kg5 46. Ng7
Rb2 47. h4+ Kf6 48. Nh5+ Kg6 49. g4 Rxc2 50. Kf4 Rf2+ 51. Kg3 Rf1 52. Nf4+ Kf6
53. h5 Ke5 54. Nd3+ Ke4 55. Nc5+ Ke3 56. Kh4 Kd4 57. g5 hxg5+ 58. Kxg5 Kxc5 59.
h6 b4 60. h7 b3 61. h8=Q Rg1+ 62. Kf6 b2 63. Qc8+ Kb4 64. Qf5 Kb3 65. Ke5 Ka2
66. Qc2 Rc1 67. Qa4+ Kb1 68. Qe4+ Ka2 69. Kd4 b1=Q 70. Qxb1+ Kxb1 71. Kd3 Kb2
72. Kd2 1-0

[Event "Challenge"]
[Site "http://www.queenalice.com/game.php?id=1623159"]
[Date "2020.8.8"]
[Round "-"]
[White "flaviojesus"]
[Black "Camy"]
[Result "0-1"]
[WhiteElo "1027"]
[BlackElo "1500"]

1. b3 e5 2. Bb2 d6 3. g3 Nf6 4. Bg2 Nc6 5. Nf3 h6 6. O-O Be7 7. a4 a6 8. d3 Be6
9. Na3 d5 10. Nb1 O-O 11. Nh4 e4 12. f3 e3 13. Nc3 d4 14. Ne4 g5 15. Bxd4 Nxd4
16. Nxf6+ Bxf6 17. a5 gxh4 18. Qc1 Nxe2+ 19. Kh1 Nxc1 20. Raxc1 e2 21. Rfe1 hxg3
22. hxg3 Bh4 23. gxh4 Qd7 24. Kh2 Qd6+ 25. Kg1 Qd4+ 26. Kh2 Qf2 27. b4 Bh3 28.
Kxh3 Kh7 29. c3 Rg8 30. f4 Qxg2# 0-1

[Event "Challenge"]
[Site "http://www.queenalice.com/game.php?id=1629616"]
[Date "2020.10.12"]
[Round "-"]
[White "Camy"]
[Black "flaviojesus"]
[Result "1-0"]
[WhiteElo "1491"]
[BlackElo "1025"]

1. Nc3 h5 2. h3 Nh6 3. Nf3 g6 4. d4 Bg7 5. e4 O-O 6. Bc4 e6 7. O-O c6 8. d5 a6
9. dxe6 dxe6 10. Bd2 Bd7 11. a3 Qe8 12. Be3 a5 13. Na4 Qe7 14. b3 Qb4 15. axb4
Bf6 16. Bxh6 e5 17. Qd6 Bg7 18. Bg5 Bh8 19. Nb6 Ra7 20. Nxd7 Nxd7 21. Qxd7 Raa8
22. Qxb7 Rae8 23. Bh6 Kh7 24. Bxf8 Rxf8 25. Ng5+ Kh6 26. h4 f6 27. Qh7# 1-0

[Event "Challenge"]
[Site "http://www.queenalice.com/game.php?id=1633623"]
[Date "2020.11.20"]
[Round "-"]
[White "flaviojesus"]
[Black "Camy"]
[Result "0-1"]
[WhiteElo "1023"]
[BlackElo "1527"]

1. a4 e5 2. c4 Nc6 3. b3 Bb4 4. Nc3 a5 5. Nh3 h6 6. Ba3 Bxc3 7. dxc3 d6 8. b4
axb4 9. cxb4 Be6 10. Rc1 Nf6 11. g3 O-O 12. Bg2 Nd4 13. Bxb7 Rb8 14. Bf3 Bxh3
15. a5 e4 16. Qxd4 exf3 17. Qa7 Qe7 18. Rc3 Qxe2# 0-1

[Event "Challenge"]
[Site "http://www.queenalice.com/game.php?id=1639069"]
[Date "2021.1.6"]
[Round "-"]
[White "Camy"]
[Black "flaviojesus"]
[Result "0-1"]
[WhiteElo "1455"]
[BlackElo "1021"]

1. d4 Na6 2. Bd2 Nh6 3. Nf3 e6 4. a3 d5 5. e3 c6 6. Ne5 Nf5 7. Bd3 g6 8. O-O Bh6
9. Nc3 O-O 10. e4 Nxd4 11. Be3 Qb6 12. Na4 Qa5 13. b3 Nb5 14. Bxh6 Re8 15. exd5
cxd5 16. Qe2 Nc3 17. Nxc3 Qxc3 18. Qf3 Qxe5 19. Qxf7+ Kxf7 20. Rfe1 Qh5 21. Be3
b6 22. Be2 Kg7 23. Bxh5 gxh5 24. Bd4+ e5 25. Be3 Bg4 26. h3 Bf5 27. Bg5 Re6 28.
Rad1 Nc7 29. g3 Rf8 30. h4 Nb5 31. Rxd5 Nxa3 32. Rd7+ Kh8 33. c4 Nc2 34. Red1
Rg8 35. Rf7 Bg6 36. Rfd7 Nb4 37. Bh6 Nc6 38. f4 Nd8 39. Rxd8 e4 40. Kg2 e3 41.
Kf3 e2 42. Re1 Be4+ 43. Ke3 Rxd8 44. Rxe2 Rd3+ 45. Kf2 Rf3+ 46. Kg2 a5 47. Bg5
Rd6 48. Rxe4 Rd2+ 49. Kh3 Rxb3 50. Re8+ Kg7 51. f5 Rdd3 52. Re7+ Kf8 53. Bf6
Rxg3+ 54. Kh2 Rbf3 55. Kh1 Rxf5 56. Rxh7 Rxf6 57. Rh8+ Kg7 58. Rxh5 Rf1+ 59. Kh2
Rfg1 60. Rd5 a4 61. Rd7+ Kh6 62. Rd6+ Kh5 63. Rxb6 Kxh4 64. c5 a3 65. Ra6 Rh3+
66. Kxg1 Kg3 67. Rxa3+ Kh4 68. Rxh3+ Kxh3 69. c6 Kg3 70. c7 Kf3 0-1

[Event "Challenge"]
[Site "http://www.queenalice.com/game.php?id=1764390"]
[Date "2021.7.15"]
[Round "-"]
[White "flaviojesus"]
[Black "Camy"]
[Result "1/2-1/2"]
[WhiteElo "1051"]
[BlackElo "1481"]

1. b3 d6 2. c4 Nc6 3. d3 e5 4. g3 Be6 5. Bg2 Nf6 6. Nf3 h6 7. O-O Be7 8. Na3 a6
9. Be3 O-O 10. Qc2 Nb4 11. Qc3 d5 12. Nxe5 a5 13. Nb5 c6 14. Nd4 Bd6 15. Bf4
dxc4 16. bxc4 Qc7 17. a3 c5 18. Rab1 Na2 19. Qd2 cxd4 20. Qxa2 Qc8 21. Rbc1 Bxe5
22. Bxe5 Qc5 23. Bf4 b6 24. a4 Nh5 25. Bd2 Qe5 26. Rb1 Qxe2 27. Rxb6 Qxd3 28.
Rd1 Bxc4 29. Qb1 Qe2 30. Rc6 Rab8 31. Qa1 Bb3 32. Re1 Qxd2 33. Rf1 Bd5 34. Bxd5
Nf6 35. Rc4 Nxd5 36. Rxd4 Qg5 37. Qe1 Rfe8 38. Qxa5 Red8 39. Rfd1 Ra8 40. Rxd5
Rxa5 41. Rxg5 Rxd1+ 42. Kg2 Rxa4 43. f4 hxg5 44. fxg5 Ra2+ 45. Kh3 g6 46. Kg4
Rf1 47. h4 Ra4+ 48. Kh3 Rg1 49. h5 gxh5 50. g6 fxg6 51. g4 Raxg4 52. Kh2 h4 53.
Kh3 Rh1+ 54. Kxg4 Kg7 55. Kg5 Rg1+ 56. Kxh4 Kh6 57. Kh3 Kh5 58. Kh2 Rg4 59. Kh3
g5 60. Kh2 Kh4 61. Kh1 Kh3 1/2-1/2

[Event "Challenge"]
[Site "http://www.queenalice.com/game.php?id=1779282"]
[Date "2022.1.5"]
[Round "-"]
[White "flaviojesus"]
[Black "Camy"]
[Result "1-0"]
[WhiteElo "1065"]
[BlackElo "1477"]

1. b4 e5 2. Nc3 Nf6 3. Ba3 d5 4. Rb1 a6 5. Rb2 d4 6. Na4 Nc6 7. Nf3 b5 8. Nc5
Be6 9. g3 h6 10. Bg2 e4 11. Nh4 Bd6 12. Nb3 g5 13. Nf3 exf3 14. exf3 O-O 15. O-O
Bf5 16. Qe2 Qd7 17. c3 dxc3 18. dxc3 Rfe8 19. Qd1 Nd5 20. Qxd5 Be6 21. Qd3 Ne5
22. Qd1 Nc4 23. Rd2 Nxd2 24. Nxd2 Bxa2 25. Ne4 Bc4 26. Nf6+ Kh8 27. Nxd7 Bxf1
28. Qd4+ Kg8 29. Bxf1 Rad8 30. Nf6+ Kf8 31. Bd3 Re1+ 32. Kg2 Bxb4 33. Bxb4+ Kg7
34. Qxd8 h5 35. Qf8+ Kxf6 36. Qh6+ Ke5 37. f4+ gxf4 38. Qxf4+ Ke6 39. Qf5# 1-0

[Event "Challenge"]
[Site "http://www.queenalice.com/game.php?id=1787354"]
[Date "2022.4.20"]
[Round "-"]
[White "Camy"]
[Black "flaviojesus"]
[Result "1-0"]
[WhiteElo "1406"]
[BlackElo "1095"]

1. d4 h5 2. h3 g6 3. Nc3 Nh6 4. Nf3 Bg7 5. e3 O-O 6. Bd3 d6 7. O-O Bf5 8. d5 b6
9. e4 Bd7 10. Be3 c6 11. a3 Bc8 12. Bd4 Ba6 13. e5 Nf5 14. e6 Nxd4 15. Nxd4 Bxd4
16. dxc6 Bxd3 17. Qxd3 Bxc3 18. Qxc3 Qc7 19. exf7+ Rxf7 20. Rae1 Nxc6 21. b4 Re8
22. Qd2 Ne5 23. Qh6 Qxc2 24. f4 Nd3 25. Rd1 e5 26. Qxg6+ Kf8 27. Rxd3 Qxd3 28.
Qxd3 Rxf4 29. Rxf4+ Ke7 30. Rf5 a5 31. Rxh5 axb4 32. Qh7+ Kd8 33. Qb7 Re7 34.
Qxb6+ Kd7 35. Rh6 b3 36. Qxd6+ Ke8 37. Rh8+ Kf7 38. Qd8 b2 39. Qf8+ Ke6 40. Rh6+
Kd5 41. Rb6 b1=Q+ 42. Rxb1 Ra7 43. Rb6 Rxa3 44. Qd6+ Ke4 45. Qxa3 Kf4 46. Qf3+
Kg5 47. Qg4# 1-0

[Event "Challenge"]
[Site "http://www.queenalice.com/game.php?id=1795922"]
[Date "2022.9.10"]
[Round "-"]
[White "flaviojesus"]
[Black "Camy"]
[Result "0-1"]
[WhiteElo "1091"]
[BlackElo "1398"]

1. b3 e5 2. d3 Be7 3. f3 Nf6 4. h3 Nc6 5. Ba3 d5 6. e4 d4 7. Nd2 Bxa3 8. Nc4
Bb4+ 9. Nd2 Bc3 10. Ne2 Bxa1 11. Qxa1 Nb4 12. Qb1 O-O 13. Qc1 Be6 14. Qa3 Nxc2+
15. Kd1 Nxa3 16. g4 Qd6 17. Bg2 Qc6 18. Nc1 Qc2+ 19. Ke2 Nb1 20. Kf2 Qxd2+ 21.
Kg1 Qxc1+ 22. Kh2 Qc2 23. Rg1 Nd2 24. g5 Nh5 25. h4 Nf4 26. a4 Qxd3 27. a5 Qe2
28. b4 Bh3 29. h5 Bxg2 30. g6 Bxf3+ 31. Kg3 Bxe4 32. Kh4 Qf2+ 33. Kg4 Qxg1+ 34.
Kh4 Nf3# 0-1

[Event "Challenge"]
[Site "http://www.queenalice.com/game.php?id=1806306"]
[Date "2023.2.18"]
[Round "-"]
[White "Camy"]
[Black "flaviojesus"]
[Result "0-1"]
[WhiteElo "1422"]
[BlackElo "1087"]

1. d4 b6 2. Nf3 g6 3. Nc3 Bg7 4. e3 Nf6 5. Bd3 O-O 6. O-O Nc6 7. d5 Na5 8. Be4
Bb7 9. Bd2 d6 10. Bd3 Qd7 11. h3 Bxd5 12. e4 Bc4 13. Qe2 Rab8 14. Bxc4 Qc6 15.
Bd5 Qd7 16. b4 c6 17. Bc4 Qb7 18. bxa5 bxa5 19. Ng5 Qb2 20. Rac1 c5 21. e5 Nh5
22. exd6 exd6 23. Qf3 Rbe8 24. Bxf7+ Rxf7 25. Qc6 Ree7 26. Nxf7 Rxf7 27. Rfe1
Qb8 28. Ne4 Qf8 29. Nxd6 Nf6 30. Nxf7 Qxf7 31. Bg5 Nh5 32. Re8+ Qxe8 33. g4 Qxc6
34. Rd1 Bd4 35. gxh5 Qf3 36. Re1 Bxf2+ 37. Kf1 Qh1+ 38. Kxf2 Qxh3 39. Ke2 Qxh5+
40. Kf2 Qxg5 41. Re8+ Kg7 42. c4 Qd2+ 43. Re2 Qc1 44. Re7+ Kh6 45. Kg3 Qxc4 46.
a3 a4 47. Rxa7 Qc3+ 48. Kf4 Qxa3 49. Ke5 c4 50. Kf6 c3 51. Rc7 Qc1 52. Rg7 Qg5+
53. Kf7 c2 54. Kg8 Qf6 55. Rf7 c1=Q 56. Rxf6 a3 57. Ra6 Qc8+ 58. Kf7 Qxa6 0-1

[Event "Challenge"]
[Site "http://www.queenalice.com/game.php?id=1822802"]
[Date "2023.10.12"]
[Round "-"]
[White "flaviojesus"]
[Black "Camy"]
[Result "1-0"]
[WhiteElo "1116"]
[BlackElo "1365"]

1. b4 a6 2. Nc3 e5 3. Nh3 Bxb4 4. Na4 Nc6 5. Rb1 Bd6 6. g3 Nf6 7. Bg2 O-O 8. O-O
e4 9. Ng5 h6 10. Nh3 b5 11. Nc3 Bc5 12. d3 exd3 13. cxd3 d6 14. Be3 Be6 15. Qe1
b4 16. Na4 Bxe3 17. fxe3 Qd7 18. a3 bxa3 19. Ra1 Ng4 20. Qc1 Rab8 21. Qxa3 Nxe3
22. Qc1 Nxf1 23. Qxf1 Qe7 24. Qf2 Qd7 25. Rf1 Bxh3 26. Bxh3 Qd8 27. Nc3 Nd4 28.
Nd1 f6 29. Qxd4 Qe7 30. Bg4 g6 31. Nf2 h5 32. Bh3 c5 33. Qa4 Rb2 34. Qxa6 Qxe2
35. Qxd6 Rd2 36. Be6+ Kg7 37. Qd7+ Kh8 38. Qd6 Rd1 39. Qxf8+ Kh7 40. Bg8+ Kh8
41. Qf7 Rxf1+ 42. Kg2 Qxf2+ 43. Kh3 Rg1 44. Qh7# 1-0

[Event "Challenge"]
[Site "http://www.queenalice.com/game.php?id=1831820"]
[Date "2024.2.18"]
[Round "-"]
[White "Camy"]
[Black "flaviojesus"]
[Result "1-0"]
[WhiteElo "1288"]
[BlackElo "1142"]

1. e3 b6 2. Nc3 a5 3. a3 g5 4. h3 Nf6 5. Nf3 Bg7 6. Bd3 O-O 7. O-O Bb7 8. Nxg5
Nc6 9. e4 Ne5 10. Qe1 Bc6 11. Qe2 a4 12. b4 Qb8 13. f4 Ng6 14. f5 Ne5 15. b5 Bb7
16. Bb2 Ra5 17. Nd5 Ne8 18. Nxe7+ Kh8 19. Bc3 c6 20. Bxa5 bxa5 21. f6 Bh6 22. h4
Ng7 23. fxg7+ Kxg7 24. Bc4 Qd6 25. Nf5+ Kh8 26. Nxd6 Rg8 27. Ngxf7+ Kg7 28. Nxe5
c5 29. Qh5 Bxe4 30. Ndf7 Bxd2 31. Qh6+ Bxh6 32. g4 Be3+ 33. Kh2 Bxc2 34. g5 Bf4+
35. Rxf4 Bb3 36. h5 d5 37. h6+ Kf8 38. Rf6 Rxg5 39. b6 Rh5+ 40. Kg3 Rxe5 41.
Nd6+ Kg8 42. Ba6 Re3+ 43. Kf4 d4 44. Rg1+ Kh8 45. Rf8+ Bg8 46. Nf7# 1-0

[Event "Challenge"]
[Site "http://www.queenalice.com/game.php?id=1842005"]
[Date "2024.8.16"]
[Round "-"]
[White "flaviojesus"]
[Black "Camy"]
[Result "0-1"]
[WhiteElo "1132"]
[BlackElo "1294"]

1. h4 h6 2. g3 e5 3. b3 a6 4. Bg2 d6 5. Nh3 Nf6 6. O-O Nc6 7. d3 Be7 8. Qe1 Nd4
9. Qd2 O-O 10. Bb2 Bxh3 11. Bxh3 d5 12. Nc3 Bb4 13. a4 c6 14. Qe3 Re8 15. Ba3
Bxc3 16. Rad1 Nxc2 17. Qc1 Nxa3 18. Qxa3 d4 19. Qc1 b6 20. Qa3 c5 21. Bg2 Rc8
22. Bf3 h5 23. Qc1 Ng4 24. Qg5 Qxg5 25. hxg5 a5 26. g6 f6 27. Bd5+ Kh8 28. Bf7
Red8 29. f4 Ne3 30. fxe5 Nxd1 31. Rxd1 f5 32. e6 Bb4 33. Rf1 Rb8 34. Rxf5 Bd2
35. Rxh5+ Bh6 36. g4 Rb7 37. e7 Rxe7 38. Rxh6+ gxh6 39. Bc4 Rxe2 40. Kf1 Rde8
41. Bf7 Re1+ 42. Kg2 R8e2+ 43. Kh3 Re3+ 44. Kg2 Rxd3 45. Kf2 Rde3 46. g5 hxg5
47. Bd5 d3 48. b4 axb4 49. Bb3 d2 50. a5 bxa5 51. Bc2 Kg7 52. Kg2 c4 53. Kh2 b3
54. Bf5 d1=Q 55. Bg4 Qd2+ 56. Be2 R1xe2+ 57. Kg1 Qd1# 0-1